Modern commercial banking / (Record no. 205516)
[ view plain ]
| 000 -LEADER | |
|---|---|
| fixed length control field | 00663nam a2200217Ia 4500 |
| 005 - DATE AND TIME OF LATEST TRANSACTION | |
| control field | 20220210105004.0 |
| 008 - FIXED-LENGTH DATA ELEMENTS--GENERAL INFORMATION | |
| fixed length control field | 210716s2009 xx 000 0 und d |
| 020 ## - INTERNATIONAL STANDARD BOOK NUMBER | |
| International Standard Book Number | 9788122420913 |
| 040 ## - CATALOGING SOURCE | |
| Transcribing agency | AIMIT LIBRARY |
| 041 ## - LANGUAGE CODE | |
| Language code of text/sound track or separate title | eng |
| 082 ## - DEWEY DECIMAL CLASSIFICATION NUMBER | |
| Classification number | 332.12 |
| Edition number | 2 |
| Item number | MACH |
| 100 ## - MAIN ENTRY--PERSONAL NAME | |
| Personal name | Machiraju, H R. |
| 9 (RLIN) | 18882 |
| 245 ## - TITLE STATEMENT | |
| Title | Modern commercial banking / |
| Statement of responsibility, etc. | By H. R. Machiraju. |
| 250 ## - EDITION STATEMENT | |
| Edition statement | 2nd ed. |
| 260 ## - PUBLICATION, DISTRIBUTION, ETC. | |
| Place of publication, distribution, etc. | New Delhi : |
| Name of publisher, distributor, etc. | New Age International Pvt Ltd , |
| Date of publication, distribution, etc. | 2009, |
| 300 ## - PHYSICAL DESCRIPTION | |
| Extent | xiii,341p. ; |
| Dimensions | 24 cm. |
| 650 ## - SUBJECT ADDED ENTRY--TOPICAL TERM | |
| Topical term or geographic name entry element | Modern Commercial Banking. |
| 9 (RLIN) | 18883 |
| 650 ## - SUBJECT ADDED ENTRY--TOPICAL TERM | |
| Topical term or geographic name entry element | Banking Systems. |
| 9 (RLIN) | 18907 |
| 650 ## - SUBJECT ADDED ENTRY--TOPICAL TERM | |
| Topical term or geographic name entry element | Management of Capital. |
| 9 (RLIN) | 18908 |
| 942 ## - ADDED ENTRY ELEMENTS (KOHA) | |
| Source of classification or shelving scheme | Dewey Decimal Classification |
| Koha item type | Book |
| Edition | 2nd |
| Call number prefix | 332.12 MACH |
| Withdrawn status | Lost status | Source of classification or shelving scheme | Damaged status | Not for loan | Collection code | Home library | Current library | Date acquired | Cost, normal purchase price | Inventory number | Total Checkouts | Full call number | Barcode | Date last seen | Cost, replacement price | Price effective from | Koha item type |
|---|---|---|---|---|---|---|---|---|---|---|---|---|---|---|---|---|---|
| Dewey Decimal Classification | MBA | St Aloysius Institute of Management & Information Technology | St Aloysius Institute of Management & Information Technology | 09/15/2010 | 200.00 | Bill no:ABK 497; Bill dt:2010-09 | 332.12 MACH | MBA08082 | 05/23/2026 | 160.00 | 07/16/2021 | Book | |||||
| Dewey Decimal Classification | MBA | St Aloysius Institute of Management & Information Technology | St Aloysius Institute of Management & Information Technology | 09/15/2010 | 200.00 | Bill no:ABK 497; Bill dt:2010-09 | 332.12 MACH | MBA08083 | 05/23/2026 | 160.00 | 07/16/2021 | Book | |||||
| Dewey Decimal Classification | MBA | St Aloysius Institute of Management & Information Technology | St Aloysius Institute of Management & Information Technology | 09/15/2010 | 200.00 | Bill no:ABK 497; Bill dt:2010-09 | 332.12 MACH | MBA08084 | 05/23/2026 | 160.00 | 07/16/2021 | Book | |||||
| Dewey Decimal Classification | MBA | St Aloysius Institute of Management & Information Technology | St Aloysius Institute of Management & Information Technology | 09/15/2010 | 200.00 | Bill no:ABK 497; Bill dt:2010-09 | 332.12 MACH | MBA08085 | 05/23/2026 | 160.00 | 07/16/2021 | Book | |||||
| Dewey Decimal Classification | MBA | St Aloysius Institute of Management & Information Technology | St Aloysius Institute of Management & Information Technology | 09/15/2010 | 200.00 | Bill no:ABK 497; Bill dt:2010-09 | 332.12 MACH | MBA08086 | 05/23/2026 | 160.00 | 07/16/2021 | Book | |||||
| Dewey Decimal Classification | MBA | St Aloysius Institute of Management & Information Technology | St Aloysius Institute of Management & Information Technology | 09/15/2010 | 200.00 | Bill no:ABK 497; Bill dt:2010-09 | 332.12 MACH | MBA08087 | 05/23/2026 | 160.00 | 07/16/2021 | Book | |||||
| Dewey Decimal Classification | MBA | St Aloysius Institute of Management & Information Technology | St Aloysius Institute of Management & Information Technology | 09/15/2010 | 200.00 | Bill no:ABK 497; Bill dt:2010-09 | 332.12 MACH | MBA08088 | 05/23/2026 | 160.00 | 07/16/2021 | Book |